000 00538nam a2200181 i 4500
001 78124
003 ES-MaACL
005 20230906173542.0
007 t|
008 041011s1971 sp ||||1| spa d
100 1 _aHannay, N. B.
_961737
245 1 0 _aQuímica del estado sólido /
_cN.B. Hannay ; versión Fernando Castaño Almendral.
250 _a[1ª ed.].
260 _aMadrid :
_bAlhambra,
_c[1971]
300 _aVIII, 283 p. ;
_c20 cm.
700 1 _aCastaño Almendral, Fernando.
_936434
852 _aES-MaACL
_jC-39821
_bR.76325
999 _c78124
_d78124